[Event "3rd Al Ain Chess Classic"]
[Site "Al-Ain UAE"]
[Date "2014.12.20"]
[Round "3.8"]
[White "Oleksienko, Mikhailo"]
[Black "Mammadov, Zaur"]
[Result "1-0"]
[WhiteTitle "GM"]
[BlackTitle "IM"]
[WhiteElo "2621"]
[BlackElo "2505"]
[WhiteFideId "4152417"]
[BlackFideId "13401033"]
[EventDate "2014.12.19"]

1. d4 d5 2. c4 c6 3. Nc3 Nf6 4. cxd5 cxd5 5. Bf4 Qb6 6. Rc1 Nc6 7. e3 e6 8. Bd3
Bb4 9. Nf3 O-O 10. O-O Qd8 11. Ne5 Nxe5 12. dxe5 Nd7 13. a3 Be7 14. e4 d4 15.
Nb5 Qb6 16. Bc4 a6 17. Nxd4 Rd8 18. b4 a5 19. Be3 Nxe5 20. Nf5 Rxd1 21. Nxe7+
Kf8 22. Rfxd1 Qc7 23. Bb5 Qxc1 24. Rxc1 Kxe7 25. Bc5+ Kd8 26. Bb6+ Ke7 27. Rc7+
Bd7 28. bxa5 Rc8 29. Rxc8 Bxc8 30. Bc5+ Kd8 31. Bd4 f6 32. Bxe5 fxe5 33. Kf1 Bd7
34. a4 Kc7 35. Bxd7 Kxd7 36. Ke2 Kc6 37. Kd3 Kc5 38. Kc3 h6 39. g4 g6 40. h4 1-0

[Event "3rd Al Ain Chess Classic"]
[Site "Al-Ain UAE"]
[Date "2014.12.20"]
[Round "3.9"]
[White "Bajarani, Ulvi"]
[Black "Miroshnichenko, Evgenij"]
[Result "1-0"]
[WhiteTitle "GM"]
[BlackTitle "GM"]
[WhiteElo "2494"]
[BlackElo "2618"]
[WhiteFideId "13403028"]
[BlackFideId "14102595"]
[EventDate "2014.12.19"]

1. e4 d6 2. d4 Nf6 3. Nc3 e5 4. dxe5 dxe5 5. Qxd8+ Kxd8 6. Bg5 Be6 7. g3 Nd7 8.
f4 h6 9. Bh4 Bb4 10. Bd3 Bxc3+ 11. bxc3 Ke8 12. Nf3 exf4 13. gxf4 Nc5 14. f5 Bd7
15. O-O Ba4 16. Rae1 Rg8 17. Rf2 g5 18. Bg3 Rd8 19. Rd2 Nxd3 20. cxd3 c5 21. d4
cxd4 22. cxd4 Kd7 23. Ne5+ Ke7 24. Rb2 b6 25. Rb4 Bd7 26. d5 Ne8 27. Re3 f6 28.
Ng6+ Kf7 29. Ra3 Rxg6 30. fxg6+ Kxg6 31. Rxa7 b5 32. Rb2 h5 33. h4 gxh4 34. Bxh4
Bg4 35. Rf2 Rd6 36. Re7 Ng7 37. Rc2 Rd7 38. Rxd7 Bxd7 39. Rc7 1-0

[Event "3rd Al Ain Chess Classic"]
[Site "Al-Ain UAE"]
[Date "2014.12.20"]
[Round "3.10"]
[White "Pashikian, Arman"]
[Black "Babujian, Levon"]
[Result "1/2-1/2"]
[WhiteTitle "GM"]
[BlackTitle "GM"]
[WhiteElo "2617"]
[BlackElo "2471"]
[WhiteFideId "13301578"]
[BlackFideId "13301993"]
[EventDate "2014.12.19"]

1. d4 Nf6 2. Nf3 e6 3. c4 b6 4. g3 Bb7 5. Bg2 Be7 6. O-O O-O 7. Nc3 Ne4 8. Bd2
d5 9. cxd5 exd5 10. Rc1 Nd7 11. Bf4 c5 12. dxc5 Nxc3 13. Rxc3 bxc5 14. Qb3 Nb6
15. Rd1 Qc8 16. Rcc1 Re8 17. Qc2 h6 18. h4 Qe6 19. Kh2 Bf8 20. e3 Qf6 21. Qc3
Qe7 22. Qe5 Qd7 23. Qc7 Qxc7 24. Bxc7 Rac8 25. Bf4 g6 26. Be5 a5 27. Bc3 Na4 28.
Ng1 Rcd8 29. Ne2 Rd7 30. b3 Nxc3 31. Nxc3 d4 32. Bxb7 Rxb7 33. exd4 cxd4 34.
Rxd4 Bg7 35. Rc4 Rd7 36. Rc2 Rd3 37. Kg2 Red8 38. Ne2 Rd2 39. Ng1 Bf6 40. Nf3
Rxc2 41. Rxc2 Rd5 42. Kf1 Be7 43. Ke2 Bb4 44. Nd2 Re5+ 45. Kf1 Kg7 46. a3 Be7
47. Rc7 Bd6 48. Rd7 Bc5 49. a4 Bb4 50. Nc4 Re1+ 51. Kg2 Re2 52. Kf3 Re6 53. Rd5
Ra6 54. Ke2 h5 55. f3 f6 56. f4 Re6+ 57. Kf3 Re1 58. Ne3 Rb1 59. Rd7+ Kf8 60.
Rd3 f5 61. Nc4 Kg7 62. Ne5 Rb2 63. Nc4 Rc2 64. Ne3 Rb2 65. Nc4 Rc2 66. Ne3 Rb2 1/2-1/2

[Event "3rd Al Ain Chess Classic"]
[Site "Al-Ain UAE"]
[Date "2014.12.20"]
[Round "3.11"]
[White "Gagare, Shardul"]
[Black "Onischuk, Vladimir"]
[Result "1/2-1/2"]
[WhiteTitle "IM"]
[BlackTitle "GM"]
[WhiteElo "2411"]
[BlackElo "2614"]
[WhiteFideId "5037883"]
[BlackFideId "14114038"]
[EventDate "2014.12.19"]

1. c4 Nf6 2. g3 g6 3. Bg2 Bg7 4. Nc3 O-O 5. Nf3 d6 6. O-O e5 7. d3 Nc6 8. Rb1 a5
9. a3 Re8 10. Bg5 h6 11. Bxf6 Bxf6 12. b4 axb4 13. axb4 Bg7 14. b5 Ne7 15. Qc2
Be6 16. Nd2 c6 17. Rfc1 Kh7 18. Qb3 Ra7 19. Ra1 Qa8 20. Rxa7 Qxa7 21. bxc6 bxc6
22. Rb1 Ra8 23. Qb7 d5 24. cxd5 cxd5 25. e4 Qxb7 26. Rxb7 Ra1+ 27. Rb1 Rxb1+ 28.
Ndxb1 d4 29. Nd5 Nc6 30. Kf1 Bf8 31. Nd2 Kg7 32. Nc4 f6 33. Ke2 Kf7 34. Kd2 h5
35. Bf3 Bb4+ 36. Ke2 Bc5 37. Kd2 Na7 38. Bd1 Nb5 39. f4 Bxd5 40. exd5 exf4 41.
gxf4 Bd6 42. Nxd6+ Nxd6 43. Ba4 Ke7 44. Ke2 g5 45. fxg5 fxg5 46. Kf3 Kf6 47. h3
Ke5 48. Bc6 Kf5 49. Bd7+ Kg6 50. Be6 Kg7 51. Bd7 Kf7 52. Ba4 Kf6 53. Bd7 Ke7 54.
Bc6 Kf6 55. Bd7 Ke5 56. Bc6 Nf5 57. Be8 Ng7 58. Bc6 Nf5 59. Be8 Ne3 60. Bxh5
Nxd5 61. Be8 Nf4 62. Bb5 Nxh3 63. Kg4 Nf2+ 64. Kxg5 Kd5 65. Kf4 Kc5 66. Ke5 Ng4+
67. Ke4 Nf6+ 68. Ke5 Nd5 69. Bc4 Ne3 70. Bb3 1/2-1/2

[Event "3rd Al Ain Chess Classic"]
[Site "Al-Ain UAE"]
[Date "2014.12.20"]
[Round "3.12"]
[White "Khademalsharieh, Sarasadat"]
[Black "Gopal, G.N."]
[Result "1/2-1/2"]
[WhiteTitle "WGM"]
[BlackTitle "GM"]
[WhiteElo "2378"]
[BlackElo "2580"]
[WhiteFideId "12512214"]
[BlackFideId "5015693"]
[EventDate "2014.12.19"]

1. d4 Nf6 2. Bg5 d5 3. e3 c5 4. Bxf6 gxf6 5. dxc5 Nc6 6. Nf3 e6 7. c4 dxc4 8.
Qxd8+ Kxd8 9. Bxc4 Bxc5 10. Ke2 Ke7 11. Nbd2 Rd8 12. Rhd1 Bb6 13. Ne4 f5 14. Nc3
Bd7 15. Rac1 Be8 16. Na4 Nd4+ 17. Nxd4 Bxa4 18. b3 Be8 19. Nf3 Rac8 20. Rxd8
Bxd8 21. Rc2 Bb6 22. Bd3 Rd8 23. Ne5 f6 24. Nc4 Bc7 25. e4 f4 26. Nd2 Bb6 27. f3
Bc6 28. a4 Rg8 29. Kf1 Rc8 30. Ke2 Rg8 31. Kf1 Rc8 32. Ke2 h6 33. Nc4 Bc7 34.
Na3 a6 35. Nc4 Rg8 36. Kf1 Rd8 37. Ke2 Rg8 38. Kf1 Rd8 39. Ke2 Rg8 1/2-1/2

[Event "3rd Al Ain Chess Classic"]
[Site "Al-Ain UAE"]
[Date "2014.12.20"]
[Round "3.13"]
[White "Mamedov, Rauf"]
[Black "Arun Prasad, S."]
[Result "1/2-1/2"]
[WhiteTitle "GM"]
[BlackTitle "GM"]
[WhiteElo "2658"]
[BlackElo "2482"]
[WhiteFideId "13401653"]
[BlackFideId "5011167"]
[EventDate "2014.12.19"]

1. c4 e5 2. Nc3 Bb4 3. g3 Bxc3 4. bxc3 d6 5. Bg2 Nc6 6. Nf3 f5 7. d3 Nf6 8. O-O
O-O 9. c5 d5 10. Qb3 Rb8 11. Bg5 Be6 12. e4 fxe4 13. dxe4 Qe8 14. exd5 Bxd5 15.
Qd1 Rd8 16. Qc2 Be4 17. Qb3+ Bd5 18. Qc2 Be4 19. Qb3+ Bd5 20. Qc2 Be4 1/2-1/2

[Event "3rd Al Ain Chess Classic"]
[Site "Al-Ain UAE"]
[Date "2014.12.20"]
[Round "3.14"]
[White "Sokolov, Ivan"]
[Black "Mammadova, Gulnar"]
[Result "0-1"]
[WhiteTitle "GM"]
[BlackTitle "WGM"]
[WhiteElo "2645"]
[BlackElo "2354"]
[WhiteFideId "14400030"]
[BlackFideId "13403508"]
[EventDate "2014.12.19"]

1. Nf3 d5 2. g3 Nf6 3. Bg2 g6 4. c4 c6 5. b3 Bg7 6. Bb2 O-O 7. O-O Bg4 8. d4 Qc8
9. Re1 Bh3 10. Bh1 Ne4 11. Nbd2 f5 12. Rc1 Qe6 13. b4 h6 14. Qb3 Nd7 15. b5 g5
16. cxd5 cxd5 17. Rc7 g4 18. Nxe4 fxe4 19. Nd2 Qf7 20. Qe3 h5 21. Nxe4 dxe4 22.
Rxd7 Bh6 23. Qb3 Qxb3 24. axb3 Rxf2 25. Bc1 Bxc1 26. Rxc1 Raf8 27. Rd8 Rxe2 28.
Rd5 Rf6 29. Rxh5 Kf7 30. d5 Ref2 31. Rxh3 gxh3 32. Bxe4 Rd2 33. Re1 b6 34. g4
Rf4 35. Bf5 Rg2+ 36. Kh1 Rff2 0-1

[Event "3rd Al Ain Chess Classic"]
[Site "Al-Ain UAE"]
[Date "2014.12.20"]
[Round "3.15"]
[White "Ankit, R. Rajpara"]
[Black "Gupta, Abhijeet"]
[Result "0-1"]
[WhiteTitle "GM"]
[BlackTitle "GM"]
[WhiteElo "2494"]
[BlackElo "2632"]
[WhiteFideId "5023335"]
[BlackFideId "5010608"]
[EventDate "2014.12.19"]

1. d4 Nf6 2. c4 g6 3. Nf3 Bg7 4. g3 O-O 5. Bg2 d6 6. O-O Nbd7 7. Nc3 e5 8. e4
exd4 9. Nxd4 a6 10. Qc2 Rb8 11. Rd1 Ne5 12. c5 Bd7 13. cxd6 cxd6 14. b3 b5 15.
Bb2 Qb6 16. h3 h5 17. Qd2 b4 18. Nce2 Rfe8 19. Nf4 Nc6 20. Nxc6 Bxc6 21. Bd4 Qd8
22. f3 d5 23. exd5 Bb5 24. h4 Bh6 25. Nxh5 Bxd2 26. Nxf6+ Kf8 27. Rxd2 Qd6 28.
Nxe8 Rxe8 29. f4 Qd7 30. d6 Kg8 31. Be5 Qg4 32. Kh2 Bd7 33. Rc1 f6 34. Bd4 g5
35. hxg5 fxg5 36. Be5 Rf8 37. Bd5+ Kh7 38. Be4+ Kh6 39. Rh1 gxf4 40. Bxf4+ Kg7
41. Be5+ Kg8 42. Bd5+ Be6 43. Bxe6+ Qxe6 44. Bf4 Kg7 45. Rhd1 Qe4 46. Kg1 Rh8
47. Rg2 Qf3 48. Re1 Kg6 49. Be5 Rh7 50. Bf4 Qd5 51. Rh2 Qd4+ 52. Rf2 Kh5 53.
Re5+ Kg4 54. Rg5+ Kh3 55. Re5 Qa1+ 56. Rf1 Qxa2 57. Rf2 Qb1+ 58. Rf1 Qc2 59. Rf2
Qd1+ 60. Rf1 Qxb3 61. Re3 Qd5 62. g4+ Kxg4 63. Rg3+ Kh4 64. Rf2 Qd4 65. Kg2 Rg7
66. Rxg7 Qxg7+ 67. Kf3 Qc3+ 68. Kg2 b3 69. Rd2 Kg4 70. d7 b2 71. d8=Q Qf3+ 72.
Kh2 Qxf4+ 0-1

[Event "3rd Al Ain Chess Classic"]
[Site "Al-Ain UAE"]
[Date "2014.12.20"]
[Round "3.16"]
[White "Mchedlishvili, Mikheil"]
[Black "Hayrapetyan, Hovik"]
[Result "1/2-1/2"]
[WhiteTitle "GM"]
[BlackTitle "GM"]
[WhiteElo "2625"]
[BlackElo "2441"]
[WhiteFideId "13600966"]
[BlackFideId "13302639"]
[EventDate "2014.12.19"]

1. e4 c5 2. Nf3 e6 3. d4 cxd4 4. Nxd4 a6 5. Nc3 Qc7 6. Bd3 Nc6 7. Nb3 b5 8. f4
d6 9. O-O Nf6 10. Qf3 Bb7 11. Be3 Na5 12. Nxa5 Qxa5 13. a3 Qc7 14. Rae1 Be7 15.
Qh3 Nd7 16. Ne2 Nc5 17. Ng3 Bf6 18. b4 Nxd3 19. cxd3 Qc3 20. f5 e5 21. Rd1 Qxa3
22. Nh5 Rg8 23. Bd2 Rc8 24. Qe3 Qb2 25. Rb1 Qd4 26. Qxd4 exd4 27. Nxf6+ gxf6 28.
Rbc1 1/2-1/2

[Event "3rd Al Ain Chess Classic"]
[Site "Al-Ain UAE"]
[Date "2014.12.20"]
[Round "3.17"]
[White "Shyam, Sundar M."]
[Black "Sandipan, Chanda"]
[Result "1/2-1/2"]
[WhiteTitle "GM"]
[BlackTitle "GM"]
[WhiteElo "2484"]
[BlackElo "2599"]
[WhiteFideId "5019141"]
[BlackFideId "5004225"]
[EventDate "2014.12.19"]

1. e4 e5 2. Bc4 Nf6 3. d3 Nc6 4. Nc3 Na5 5. Nge2 Be7 6. O-O O-O 7. a4 Nxc4 8.
dxc4 a5 9. Qd3 d6 10. f3 Nd7 11. Be3 Nc5 12. Qd2 Be6 13. b3 c6 14. Rad1 Qc7 15.
Ng3 Rad8 16. Kh1 Kh8 17. Qf2 b6 18. Rd2 Bh4 19. Qe2 Bxg3 20. hxg3 f5 21. exf5
Bxf5 22. g4 Bg6 23. Rfd1 h6 24. Kg1 Qe7 25. Qe1 Rfe8 1/2-1/2

[Event "3rd Al Ain Chess Classic"]
[Site "Al-Ain UAE"]
[Date "2014.12.20"]
[Round "3.18"]
[White "Volkov, Sergey"]
[Black "Morchiashvili, Bachana"]
[Result "1-0"]
[WhiteTitle "GM"]
[BlackTitle "IM"]
[WhiteElo "2599"]
[BlackElo "2337"]
[WhiteFideId "4122763"]
[BlackFideId "13602535"]
[EventDate "2014.12.19"]

1. d4 Nf6 2. c4 g6 3. Nc3 Bg7 4. e4 d6 5. Be2 O-O 6. Nf3 e5 7. Be3 exd4 8. Nxd4
Re8 9. f3 c6 10. Bf2 d5 11. exd5 cxd5 12. O-O Nc6 13. c5 Nh5 14. Qd2 Qf6 15.
Rfd1 Nf4 16. Bf1 Re5 17. Ncb5 Bd7 18. b4 Rae8 19. a4 R8e7 20. Nxc6 bxc6 21. Nd4
Bh6 22. Qc2 Qg5 23. g3 Qh5 24. gxf4 Bxf4 25. Bg3 Rg5 26. Ne2 Be3+ 27. Kh1 Bf5
28. Qb2 Qxf3+ 29. Bg2 Be4 30. Nc3 Rxg3 31. Nxe4 Rxg2 32. Qxg2 Qxe4 33. Qxe4 Rxe4
34. Re1 d4 35. b5 d3 36. Rad1 d2 37. Rxd2 Rd4 1-0

[Event "3rd Al Ain Chess Classic"]
[Site "Al-Ain UAE"]
[Date "2014.12.20"]
[Round "3.19"]
[White "Parligras, Mircea-Emilian"]
[Black "Abdumalik, Zhansaya"]
[Result "1-0"]
[WhiteTitle "GM"]
[BlackTitle "WGM"]
[WhiteElo "2580"]
[BlackElo "2332"]
[WhiteFideId "1204297"]
[BlackFideId "13703544"]
[EventDate "2014.12.19"]

1. d4 Nf6 2. c4 g6 3. f3 e6 4. e4 c5 5. d5 d6 6. Ne2 Bg7 7. Nec3 O-O 8. Bg5 h6
9. Be3 exd5 10. cxd5 a6 11. a4 Nbd7 12. Be2 Ne5 13. Qd2 Kh7 14. Na3 Rb8 15. O-O
Nh5 16. g4 Nf6 17. h3 Qe7 18. f4 Ned7 19. Bf3 Ng8 20. Rfe1 Re8 21. Kg2 Qf8 22.
Qc2 f5 23. exf5 gxf5 24. Bf2 Ndf6 25. g5 Rxe1 26. Rxe1 hxg5 27. fxg5 Nd7 28. Nc4
b5 29. axb5 axb5 30. Nxd6 Qxd6 31. Qxf5+ Qg6 32. Qf4 Kh8 33. Re6 Ndf6 34. Be4
Qh5 35. gxf6 Rb7 36. fxg7+ Rxg7+ 37. Bg3 Bxe6 38. dxe6 b4 39. Nd5 Qe2+ 40. Kh1
Qh5 41. Qh4 Rg5 42. Qxh5+ Rxh5 43. Kg2 Kg7 44. Bd6 Nf6 45. Nxf6 Kxf6 46. e7 Rh8
47. Bc6 1-0

[Event "3rd Al Ain Chess Classic"]
[Site "Al-Ain UAE"]
[Date "2014.12.20"]
[Round "3.20"]
[White "Kovchan, Alexander"]
[Black "Pourkashiyan, Atousa"]
[Result "1-0"]
[WhiteTitle "GM"]
[BlackTitle "WGM"]
[WhiteElo "2569"]
[BlackElo "2312"]
[WhiteFideId "14103052"]
[BlackFideId "12502014"]
[EventDate "2014.12.19"]

1. e4 e5 2. Nf3 Nf6 3. Nxe5 d6 4. Nf3 Nxe4 5. Qe2 Qe7 6. d3 Nf6 7. Bg5 Qxe2+ 8.
Bxe2 Be7 9. Nc3 c6 10. O-O-O Na6 11. Rhe1 Nc7 12. Ne4 Nxe4 13. dxe4 Bxg5+ 14.
Nxg5 Ke7 15. Nf3 Ne6 16. Bc4 b5 17. Bb3 Nc5 18. Nd4 Nxb3+ 19. Nxb3 Be6 20. Na5
Kd7 21. Nb7 d5 22. Nc5+ Kd6 23. b4 Rhe8 24. f4 g6 25. e5+ Kc7 26. Nb3 h5 27. Rd3
Kb6 28. Rc3 Rac8 29. a3 Bf5 30. Rc5 Be4 31. g3 h4 32. Nd4 hxg3 33. hxg3 Rh8 34.
Re3 Bf5 35. Kb2 Bd7 36. Nf3 a5 37. Nd4 a4 38. Rec3 Kb7 39. Re3 Rce8 40. Re1 Rh2
41. Rc3 Rh3 42. Rg1 Kb6 43. Nf3 Re7 44. Rd3 Bg4 45. Nd4 Rh2 46. Rc3 Rc7 47. Re1
Be6 48. Re2 Rh1 49. Rc5 Rc8 50. Re3 Rhh8 51. Rec3 Bd7 52. e6 fxe6 53. Nf3 Rhg8
54. Re3 Kc7 55. Re5 Rcf8 56. Rc3 Kd6 57. Rce3 Re8 58. Rg5 Ref8 59. Nd4 Rf6 60.
Nf3 Rf5 61. Rg4 Rh5 62. Re5 Rxe5 63. fxe5+ Ke7 64. Rh4 Kf8 65. Ng5 Ke8 66. Nh7
Kd8 67. Nf6 Rg7 68. Rh8+ Kc7 69. Kc3 g5 70. g4 c5 71. bxc5 Bc6 72. Kd4 b4 73.
axb4 Kb7 74. Kc3 Ka6 75. Rc8 Kb5 76. Kb2 Bb7 77. Rb8 Kc6 78. Ka3 Kc7 79. Ne8+
Kxb8 80. Nxg7 Bc6 81. Nxe6 Bd7 82. Nxg5 Bxg4 83. Kxa4 Bd1 84. Kb3 Be2 85. Kc3
Kc7 86. Ne6+ Kd7 87. Nd4 1-0

[Event "3rd Al Ain Chess Classic"]
[Site "Al-Ain UAE"]
[Date "2014.12.20"]
[Round "3.21"]
[White "Tologontegin, Semetey"]
[Black "Kravtsiv, Martyn"]
[Result "1/2-1/2"]
[WhiteTitle "FM"]
[BlackTitle "GM"]
[WhiteElo "2391"]
[BlackElo "2576"]
[WhiteFideId "13800574"]
[BlackFideId "14113147"]
[EventDate "2014.12.19"]

1. d4 Nf6 2. Nc3 d5 3. Bf4 e6 4. Nb5 Na6 5. e3 Be7 6. Nf3 O-O 7. Be2 Bd7 8. a4
c6 9. Nc3 Nb4 10. h3 Rc8 11. O-O Be8 12. Ne5 c5 13. dxc5 Bxc5 14. Nd3 Nxd3 15.
Bxd3 Bb4 16. Nb5 a6 17. Nd4 Bd6 18. Bg5 Bd7 19. c3 Bb8 20. Bc2 Qc7 21. Nf3 Ne4
22. Bf4 Qd8 23. Bxb8 Rxb8 24. Bxe4 dxe4 25. Ne5 Be8 26. Qd4 f6 27. Nc4 b5 28.
Nd6 bxa4 29. Nxe8 Qxd4 30. cxd4 Rfxe8 31. Rxa4 Rxb2 1/2-1/2

[Event "3rd Al Ain Chess Classic"]
[Site "Al-Ain UAE"]
[Date "2014.12.20"]
[Round "3.22"]
[White "Nasri, Amin"]
[Black "Sengupta, Deep"]
[Result "0-1"]
[BlackTitle "GM"]
[WhiteElo "2275"]
[BlackElo "2566"]
[WhiteFideId "12501972"]
[BlackFideId "5008352"]
[EventDate "2014.12.19"]

1. d4 d5 2. c4 e6 3. Nc3 c6 4. Nf3 dxc4 5. a4 Bb4 6. e3 b5 7. Bd2 a5 8. axb5
Bxc3 9. Bxc3 cxb5 10. b3 Bb7 11. d5 Nf6 12. bxc4 b4 13. Bxf6 Qxf6 14. Qa4+ Nd7
15. Nd4 e5 16. Nb3 Ke7 17. Be2 Rhc8 18. f4 Qb6 19. O-O Qxe3+ 20. Rf2 Nf6 21. Kf1
exf4 22. Rf3 Qe5 23. Qb5 Ba6 24. Qxa5 Qd6 25. Nd4 Kf8 26. Nf5 Qb8 27. Ke1 g6 28.
Nd4 Qd6 29. Ra4 Rcb8 30. Nc6 Bxc4 31. Qxa8 Rxa8 32. Rxa8+ Kg7 33. Bxc4 Qc5 34.
Bb3 Qg1+ 35. Ke2 Qxg2+ 36. Ke1 0-1

[Event "3rd Al Ain Chess Classic"]
[Site "Al-Ain UAE"]
[Date "2014.12.20"]
[Round "3.23"]
[White "Vijayalakshmi, Subbaraman"]
[Black "Malakhatko, Vadim"]
[Result "0-1"]
[WhiteTitle "IM"]
[BlackTitle "GM"]
[WhiteElo "2329"]
[BlackElo "2533"]
[WhiteFideId "5004098"]
[BlackFideId "14104202"]
[EventDate "2014.12.19"]

1. Nf3 Nf6 2. g3 d5 3. Bg2 c6 4. O-O Bf5 5. d3 h6 6. Nbd2 e6 7. Qe1 Be7 8. e4
Bh7 9. Qe2 O-O 10. Ne1 a5 11. Kh1 a4 12. f4 a3 13. f5 exf5 14. exf5 Re8 15. Qd1
Nbd7 16. b3 Bb4 17. Nb1 Bxf5 18. c3 Bg4 19. Nf3 Bd6 20. b4 d4 21. Nxa3 dxc3 22.
Nc2 Nd5 23. a3 Ne5 24. d4 Nxf3 25. Bxf3 Bh3 26. Bg2 Bxg2+ 27. Kxg2 Re6 28. Qd3
Qe7 29. Rf2 b5 30. Ra2 Re4 31. Na1 Re8 32. Nb3 Qe6 33. Na1 h5 34. Rac2 h4 35.
Rf1 hxg3 36. hxg3 Ne3+ 0-1

[Event "3rd Al Ain Chess Classic"]
[Site "Al-Ain UAE"]
[Date "2014.12.20"]
[Round "3.24"]
[White "Moskalenko, Viktor1"]
[Black "Galojan, Lilit"]
[Result "1-0"]
[WhiteTitle "GM"]
[BlackTitle "IM"]
[WhiteElo "2528"]
[BlackElo "2275"]
[WhiteFideId "14100100"]
[BlackFideId "13301314"]
[EventDate "2014.12.19"]

1. d4 Nf6 2. c4 e6 3. Nc3 Bb4 4. f3 d5 5. a3 Bxc3+ 6. bxc3 c5 7. cxd5 Nxd5 8.
dxc5 Qa5 9. e4 Nf6 10. Be3 O-O 11. Qb3 Nfd7 12. Bb5 Qc7 13. Qb4 Nc6 14. Qa4 Nce5
15. Qd4 a6 16. Be2 Nc6 17. Qd2 Rd8 18. Qb2 Qa5 19. Rd1 Re8 20. Kf2 Nxc5 21. c4
f5 22. Qd2 Qxd2 23. Rxd2 Nb3 24. Rd6 e5 25. Bd3 Nbd4 26. Ne2 Nxe2 27. Kxe2 fxe4
28. Bxe4 Be6 29. Bd5 Bxd5 30. cxd5 Nd4+ 31. Bxd4 exd4+ 32. Kd3 Rac8 33. Rb6 Rc3+
34. Kxd4 Rxa3 35. Rxb7 Ra4+ 36. Kc5 Rc8+ 37. Kd6 Rd4 38. Rd7 Rf8 39. Re1 Rd2 40.
g4 Rxf3 41. Ree7 Rf6+ 42. Kc7 Rc2+ 43. Kb7 Rb2+ 44. Ka7 Rxh2 45. g5 Rf5 46. d6
Rd2 47. Rxg7+ Kf8 48. Rxh7 Kg8 49. g6 a5 50. Rdg7+ Kf8 51. Rb7 Kg8 52. Rb8+ Rf8
53. Rxf8+ Kxf8 54. d7 1-0

[Event "3rd Al Ain Chess Classic"]
[Site "Al-Ain UAE"]
[Date "2014.12.20"]
[Round "3.25"]
[White "Lupulescu, Constantin"]
[Black "Safranska, Anda"]
[Result "1-0"]
[WhiteTitle "GM"]
[BlackTitle "WGM"]
[WhiteElo "2640"]
[BlackElo "2267"]
[WhiteFideId "1207822"]
[BlackFideId "11600209"]
[EventDate "2014.12.19"]

1. d4 Nf6 2. c4 g6 3. Nc3 Bg7 4. e4 d6 5. Nf3 O-O 6. h3 Na6 7. Bg5 h6 8. Be3 e5
9. d5 Nc5 10. Nd2 a5 11. g4 c6 12. Qc2 Bd7 13. O-O-O cxd5 14. exd5 a4 15. Bxc5
dxc5 16. a3 Qb6 17. Be2 Rfe8 18. f3 Nh7 19. Nde4 1-0

[Event "3rd Al Ain Chess Classic"]
[Site "Al-Ain UAE"]
[Date "2014.12.20"]
[Round "3.26"]
[White "Iordachescu, Viorel"]
[Black "Nandhidhaa, PV"]
[Result "1-0"]
[WhiteTitle "GM"]
[WhiteElo "2611"]
[BlackElo "2177"]
[WhiteFideId "13900200"]
[BlackFideId "5050847"]
[EventDate "2014.12.19"]

1. e4 c5 2. Nf3 e6 3. Nc3 a6 4. d4 cxd4 5. Nxd4 b5 6. Bd3 Qb6 7. Nf3 b4 8. Na4
Qa5 9. b3 d6 10. O-O Bd7 11. a3 bxa3 12. Be3 Bxa4 13. Rxa3 Nf6 14. Rxa4 Qc7 15.
b4 Qb7 16. Qa1 Nxe4 17. b5 d5 18. bxa6 Qc7 19. Rb1 Nd6 20. Nd4 Qc8 21. Nb5 f6
22. c4 Nxc4 23. Bxc4 dxc4 24. a7 Nd7 25. Qc3 Ne5 26. f4 Bc5 27. fxe5 O-O 28. Nd6
Qc6 29. Rxc4 1-0

[Event "3rd Al Ain Chess Classic"]
[Site "Al-Ain UAE"]
[Date "2014.12.20"]
[Round "3.27"]
[White "Baryshpolets, Andrey"]
[Black "Feldman, Vladimir"]
[Result "1-0"]
[WhiteTitle "GM"]
[BlackTitle "IM"]
[WhiteElo "2566"]
[BlackElo "2168"]
[WhiteFideId "14117207"]
[BlackFideId "3201791"]
[EventDate "2014.12.19"]

1. d4 Nf6 2. c4 g6 3. Nf3 Bg7 4. g3 O-O 5. Bg2 d5 6. cxd5 Nxd5 7. O-O Nb6 8. Nc3
Nc6 9. e3 Re8 10. Nh4 e5 11. d5 Na5 12. Rb1 g5 13. Nf3 h6 14. Qc2 c6 15. b4 Nac4
16. dxc6 bxc6 17. Nd2 Nxd2 18. Bxd2 Ba6 19. b5 cxb5 20. Bxa8 Qxa8 21. Nxb5 Qf3
22. e4 Rc8 23. Qb3 Qe2 24. Be3 Nc4 25. Rfe1 Qf3 26. Rbc1 Qxe4 27. Bc5 Qd5 28.
Qxc4 Qxc4 29. Rxc4 Bxb5 30. Rcc1 a6 31. Bd6 Rxc1 32. Rxc1 e4 33. Rc7 Bd4 34. Bc5
Bf6 35. Kg2 Kg7 36. f3 exf3+ 37. Kxf3 h5 38. Ke3 Kg6 39. Bd4 Ba4 40. Ra7 Bxd4+
41. Kxd4 Bb5 42. a4 Be2 43. Ke3 Bf1 44. Kf2 Bc4 45. Rc7 Bd5 46. Rd7 Bc4 47. Rd4 1-0

[Event "3rd Al Ain Chess Classic"]
[Site "Al-Ain UAE"]
[Date "2014.12.20"]
[Round "3.28"]
[White "Khalafova, Narmin"]
[Black "Sagar, Shah"]
[Result "0-1"]
[WhiteTitle "WFM"]
[WhiteElo "2161"]
[BlackElo "2468"]
[WhiteFideId "13402625"]
[BlackFideId "5022509"]
[EventDate "2014.12.19"]

1. e4 d6 2. d4 Nf6 3. Nc3 g6 4. Nf3 Bg7 5. Be2 O-O 6. O-O c6 7. a4 Qc7 8. h3 e5
9. Be3 exd4 10. Nxd4 Re8 11. Bf3 Nbd7 12. Re1 a6 13. Bf4 Ne5 14. Be2 b6 15. Qc1
Bb7 16. Nf3 b5 17. b4 Nfd7 18. Nxe5 Nxe5 19. Ra3 c5 20. Na2 cxb4 21. Nxb4 a5 22.
Nd5 Bxd5 23. exd5 b4 24. Re3 Rec8 25. Bxe5 Bxe5 26. Bb5 Qxc2 27. Bc6 Qxc1 28.
Rxc1 Bf4 29. Ree1 Bxc1 30. Bxa8 b3 0-1

[Event "3rd Al Ain Chess Classic"]
[Site "Al-Ain UAE"]
[Date "2014.12.20"]
[Round "3.29"]
[White "Vishnu Prasanna, V"]
[Black "Huseynov, Shahin"]
[Result "0-1"]
[WhiteTitle "GM"]
[WhiteElo "2463"]
[BlackElo "2162"]
[WhiteFideId "5030692"]
[BlackFideId "13401106"]
[EventDate "2014.12.19"]

1. e4 d6 2. d4 e5 3. Nf3 exd4 4. Nxd4 Nf6 5. Nc3 Be7 6. g3 O-O 7. Bg2 c5 8. Nde2
Nc6 9. O-O Rb8 10. a4 a6 11. h3 b5 12. axb5 axb5 13. Nf4 Nb4 14. g4 Bb7 15. g5
Ne8 16. h4 Nc7 17. Nce2 Re8 18. Ng3 Bf8 19. c3 Nc6 20. Nd5 Nxd5 21. exd5 Ne5 22.
h5 c4 23. Be4 Nd3 24. Bxd3 cxd3 25. Qxd3 Re5 26. g6 fxg6 27. hxg6 h6 28. Ra7
Bxd5 29. Bf4 Bc4 30. Qf3 Re6 31. Qg4 Qf6 32. Rd1 Rbe8 33. Rd4 d5 34. b4 Qxg6 35.
Qxg6 Rxg6 36. Kg2 Re2 37. Ra8 Rc2 38. Be5 Re6 39. Rf4 Rxe5 40. Rfxf8+ Kh7 41.
Nf5 d4 42. Ra7 Rxf5 43. Rxf5 dxc3 44. Ra3 Rc1 45. Re5 c2 46. Rc3 Bd3 47. Rec5
Rd1 48. Kf3 Bg6 49. Ke3 Rb1 50. f4 Rxb4 51. f5 Bxf5 52. Rxf5 Rb3 53. Rxb3 c1=Q+
54. Kd4 0-1